Собрание сочинений Станислава Пшибышевского. [Кн. 2]: Pro domo mea | De profundis | У моря | Вигилии (Record no. 5088814)

MARC details
000 -МАРКЕР
контрольное поле 01756nam2a2200301 4500
001 - ИДЕНТИФИКАТОР ЗАПИСИ
контрольное поле v19\rc\2077001
005 - ИДЕНТИФИКАТОР ВЕРСИИ
контрольное поле 20250620043329.0
035 ## - ДРУГИЕ СИСТЕМНЫЕ НОМЕРА
Идентификатор записи (NLR Aleph) 005173847
100 ## - ДАННЫЕ ОБЩЕЙ ОБРАБОТКИ
Данные общей обработки 20081218d1905 |||y0rusy50 ca
101 1# - ЯЗЫК РЕСУРСА
Язык текста, звукозаписи и т.д. русский
Язык оригинала польский
102 ## - СТРАНА ПУБЛИКАЦИИ ИЛИ ПРОИЗВОДСТВА
Страна публикации российская федерация
105 ## - ПОЛЕ КОДИРОВАННЫХ ДАННЫХ: ТЕКСТОВЫЕ МАТЕРИАЛЫ, МОНОГРАФИЧЕСКИЕ
Кодированные данные о монографическом текстовом документе y z |||||
200 1# - ЗАГЛАВИЕ И СВЕДЕНИЯ ОБ ОТВЕТСТВЕННОСТИ
Основное заглавие Pro domo mea
-- De profundis
-- У моря
-- Вигилии
Первые сведения об ответственности ...пер. М. Н. Семенова
Последующие сведения об ответственности обложка Н. Надельмана
210 ## - ПУБЛИКАЦИЯ, РАСПРОСТРАНЕНИЕ И ДР.
Дата издания, распространения и т.д. 1905
Место издания, распространения и т.д. Б. м.
215 ## - ФИЗИЧЕСКАЯ ХАРАКТЕРИСТИКА
Специфическое обозначение материала и объем [8], 356 с.
423 #0 - ИЗДАЕТСЯ В ОДНОЙ ОБЛОЖКЕ ВМЕСТЕ С ...
Встроенное поле 2001#$aАметисты$aДень вознесения$f...пер. С. А. Полякова
-- 210##$aМосква$d1905
Заглавие День вознесения
423 #0 - ИЗДАЕТСЯ В ОДНОЙ ОБЛОЖКЕ ВМЕСТЕ С ...
Встроенное поле 2001#$aСыны земли$f..единственный разреш. авт. пер. Е. Траповского
-- 210##$aМосква$d1905
Заглавие Сыны земли
461 #0 - УРОВЕНЬ НАБОРА
Встроенное поле 001v19\rc\2049549
-- 2001#$aСобрание сочинений Станислава Пшибышевского$e[перевод]$v[Кн. 2]
-- 700#1$aПшибышевский$bС.$f1868-1927$gСтанислав$3RU\NLR\AUTH\7788975
Системный номер (АБИС) связанной записи 7648152
Автор Пшибышевский, С. (1868-1927)
Место публикации Москва
Дата публикации 1904
Имя издателя, распространителя и т.д. Скорпион
Сведения, относящиеся к заглавию [перевод]
Заглавие Собрание сочинений Станислава Пшибышевского
Номер тома [Кн. 2]
702 #1 - ИМЯ ЛИЦА - ВТОРИЧНАЯ ОТВЕТСТВЕННОСТЬ
Код отношения Переводчик
Графика поля Кириллица
Материалы, к которым относится поле rus
Начальный элемент ввода Поляков
Часть имени, кроме начального элемента ввода С. А.
Дополнения к именам, кроме дат промышленник, издатель, переводчик
Даты 1874-1943
Расширение инициалов личного имени Сергей Александрович
Системный номер авторитетной/нормативной записи 253971
Идентификатор авторитетной/нормативной записи RU\NLR\AUTH\770254027
702 #1 - ИМЯ ЛИЦА - ВТОРИЧНАЯ ОТВЕТСТВЕННОСТЬ
Начальный элемент ввода Надельман
Часть имени, кроме начального элемента ввода Н.
Код отношения Иллюстратор
801 #0 - ИСТОЧНИК ЗАПИСИ
Страна российская федерация
Организация NLR
Правила каталогизации psbo
801 #1 - ИСТОЧНИК ЗАПИСИ
Страна российская федерация
Организация ProSoft-M
Источник данных rusmarc
852 ## - МЕСТОНАХОЖДЕНИЕ И ШИФР ХРАНЕНИЯ
Идентификатор организации NLR
Шифр хранения (Call Number) 38.59.6.16
852 ## - МЕСТОНАХОЖДЕНИЕ И ШИФР ХРАНЕНИЯ
Идентификатор организации NLR
Шифр хранения (Call Number) 130/5535
942 ## - ДОПОЛНИТЕЛЬНЫЕ ЭЛЕМЕНТЫ ЗАПИСИ (АБИС)
Тип экземпляра АБИС Книга
980 ## - КОЛЛЕКЦИЯ
Название коллекции Национальная библиография
预约
Тип экземпляра Дата поступления Библиотека постоянного хранения Библиотека текущего хранения Место хранения Шифр хранения Штрих-код Статус не для выдачи
Книга 26.10.2013 РНБ (Садовая) РНБ (Садовая) Русский книжный фонд -Главное здание, Ленинский читальный зал 38.59.6.16 1-4715229  
Книга 26.10.2013 РНБ (Садовая) РНБ (Садовая) Русский книжный фонд -Главное здание, Ленинский читальный зал 130/5535 5173847-20